000 00627nam a2200205Ia 4500
001 14653
003 GE_BSU
008 181216s||||||||xx |||||||||||||| ||und||
040 _cGE_BSU
080 _a82-93
245 _aქართველ მწერალთა ნაწარმოებები
245 _bკრებული
260 _aთბილისი
260 _bსაბლიტგამი
260 _c1959
300 _a532გვ.21სმ.
653 _aკრებული
653 _aქართველ მწერალთა ნაწარმოებები
942 _cBK
999 _c47779
_d47779